Statistics for Locke and key

Click here to take the quiz!

General Stats

  • This quiz has been taken 74 times
  • The average score is 11 of 28

Answer Stats

indiceAnswer% Correct
PersonnageKinsey
86%
Dodge
84%
Bode
84%
Tyler
84%
Nina
77%
Gabe
65%
Eden
58%
Rendell
58%
Scot
56%
Duncan
51%
Très utile avant une interroclé de tête
40%
Jackie
40%
Erin
37%
Ouvre une porte dans des grottesClé oméga
35%
Elie
35%
Elle laisse votre enveloppe corporelle derrière vous ?clé fantôme
33%
Elle fonctionne qu'avec une couronneclé des ombres
28%
Sam
28%
Elle permet de faire apparaître un défunt dans un puitclé écho
23%
Permet de décupler sa forceclé hercule
23%
Cette clé permet de se rendre dans le lieu de notre choix ?clé pass-partout
14%
S'utilise avec un cadenas pour envelopper quelqu'unclé des chaines
12%
Répare les objets cassé en redonnant sa forme originaleclé de réparation
7%
Cette clé a permis de retrouver les souvenirs d'un personnageclé arbre
5%
S'utilise uniquement avec une boîte à musique pour contrôler une personneclé boîte à musique
5%
La première clé qui apparaît au début de la sérieclé explosion
5%
Permet à son détenteur de changer son apparence physique du tout au toutclé identité
5%
Conduit la personne dans une "prison de soi"clé miroir
5%

Score Distribution

Percentile by Number Answered

Percent of People with Each Score

Your Score History

You have not taken this quiz